MARC

LEADER 00000nam0a2200000 4500
001 27544
005 20231030202221.0
010 |a 5938550033 
035 |a (RuTPU)RU\TPU\book\27795 
035 |a BOOK00027870 
090 |a 27544 
100 |a 20011209d2000 u y0rusy50 ca 
101 1 |a rus 
102 |a RU 
105 |a  000|y 
200 1 |a Модель, цена и время  |e пер. с англ.  |f Д. Хьержик 
210 |a Москва  |c Аналитика  |d 2000 
215 |a 320 с. 
530 1 |a Применение теории Ганна в системах торговли 
610 1 |a экономика 
610 1 |a торговля 
610 1 |a Ганна теория 
610 1 |a шаблонные графики 
610 1 |a процентная коррекция 
610 1 |a свинговые графики 
610 1 |a цена 
610 1 |a время 
686 |a У821.4  |v LBC/SL-A  |2 rubbk 
686 |a У884.3  |v LBC/SL-A  |2 rubbk 
700 1 |a Хьержик  |g Джеймс 
801 0 |a RU  |b 63413507  |c 20011209  |g PSBO 
801 2 |a RU  |b 63413507  |c 20120704  |g PSBO 
942 |c BK